Movies Quiz

Random Movies Quiz

Films - Emma Watson Quiz Stats

 Plays Quiz not verified by Sporcle

Challenge
Share
Tweet
Embed
Score 0/15 Timer 10:00
0 Plays Today
Year Film % Correct
2002Harry Potter and the Chamber of Secrets
91.1%
2001Harry Potter and the Philosopher's Stone
89.7%
2005Harry Potter and the Goblet of Fire
88.7%
2009Harry Potter and the Half-Blood Prince
87.7%
2004Harry Potter and the Prisoner of Azkaban
87.2%
2007Harry Potter and the Order of the Phoenix
86.7%
2010Harry Potter and the Deathly Hallows - Part 1
84.2%
2011Harry Potter and the Deathly Hallows - Part 2
83.7%
Year Film % Correct
2014Noah
78.9%
2012The Perks of Being a Wallflower
76.4%
2013The Bling Ring
75.4%
2007Ballet Shoes
59.1%
2011My Week with Marilyn
53.2%
2013This is the End
50.2%
2008The Tale of Despereaux*
44.3%

You're not logged in!

Compare scores with friends on all Sporcle quizzes.
OR
Log In

You Might Also Like...

Show Comments

Extras

Created Jan 25, 2014ReportNominate
Tags:emma, starring, watson

Top Quizzes Today


Score Distribution

Your Account Isn't Verified!

In order to create a playlist on Sporcle, you need to verify the email address you used during registration. Go to your Sporcle Settings to finish the process.

Report this User

Report this user for behavior that violates our Community Guidelines.

Details: